000 00409nam a2200145 i 4500
001 67885
003 ES-MaACL
007 t|
008 040216s1934 sp ||||1| spa d
100 1 _aGallegos, Rómulo.
_953598
245 1 0 _aCantaclaro
_b: (novela) /
_cRómulo Gallegos.
260 _aBarcelona :
_b[s.n.,
_c1934] (
_fTalleres Gráficos Núñez)
300 _a365 p. ;
_c20 cm.
852 _aES-MaACL
_jB-8479
999 _c67885
_d67885